Allah The Creator / (Record no. 203677)

MARC details
000 -LEADER
fixed length control field 01258nam a2200325 i 4500
005 - DATE AND TIME OF LATEST TRANSACTION
control field 20260405115438.0
008 - FIXED-LENGTH DATA ELEMENTS--GENERAL INFORMATION
fixed length control field 260405s2025 my a br 000 0 may d
020 ## - INTERNATIONAL STANDARD BOOK NUMBER
International Standard Book Number 9789672972624
Terms of availability RM26.90
Qualifying information paperback
040 ## - CATALOGING SOURCE
Original cataloging agency PPAK
Language of cataloging eng
Transcribing agency PPAK
Description conventions rda
082 04 - DEWEY DECIMAL CLASSIFICATION NUMBER
Edition number 23
Classification number 297.2112
090 00 - LOCALLY ASSIGNED LC-TYPE CALL NUMBER (OCLC); LOCAL CALL NUMBER (RLIN)
Classification number (OCLC) (R) ; Classification number, CALL (RLIN) (NR) 297.2112
Feature heading NUR
Feature heading K
100 0# - MAIN ENTRY--PERSONAL NAME
Personal name Nur Syafiqa Yusoff,
Dates associated with a name 1987-
Relator term author.
245 10 - TITLE STATEMENT
Title Allah The Creator /
Statement of responsibility, etc. Author: Nur Syafiqa Yusoff ; Editor: Fatimah Abdul Nasir, Ustaz Mohd Noor Ameen ; Illustration: Aleesa
246 34 - VARYING FORM OF TITLE
Title proper/short title Interesting Facts from the Quran :
Remainder of title Allah The Creator
264 #1 - PRODUCTION, PUBLICATION, DISTRIBUTION, MANUFACTURE, AND COPYRIGHT NOTICE
Place of production, publication, distribution, manufacture Hulu Selangor, Selangor :
Name of producer, publisher, distributor, manufacturer DARUL MUGHNI TRADING,
Date of production, publication, distribution, manufacture, or copyright notice [2025?]
300 ## - PHYSICAL DESCRIPTION
Extent 101 pages, 3 unnumbered pages :
Other physical details colour illustrations ;
Dimensions 23 cm
336 ## - CONTENT TYPE
Content type term text
Source rdacontent
337 ## - MEDIA TYPE
Media type term unmediated
Source rdamedia
338 ## - CARRIER TYPE
Carrier type term volume
Source rdacarrier
490 1# - SERIES STATEMENT
Series statement Muslim Children
500 ## - GENERAL NOTE
General note Contains verses from the Qur'an.
650 10 - SUBJECT ADDED ENTRY--TOPICAL TERM
Topical term or geographic name entry element God (Islam)
General subdivision Attributes
Topical term or geographic name entry element Creation (Islam)
Topical term or geographic name entry element Islamic cosmology
General subdivision Qurʼanic teaching
700 0# - ADDED ENTRY--PERSONAL NAME
Personal name Fatimah Abdul Nasir,
Relator term editor.
Personal name Mohd. Noor Ameen,
Titles and other words associated with a name Ustaz,
Relator term editor.
Personal name Aleesa,
Relator term illustrator.
830 #0 - SERIES ADDED ENTRY--UNIFORM TITLE
Uniform title Muslim children
942 ## - ADDED ENTRY ELEMENTS (KOHA)
Source of classification or shelving scheme Dewey Decimal Classification
Koha item type Book
Holdings
Withdrawn Not for loan Current library Shelving location Date acquired Total Checkouts Full call number Barcode Date last seen Koha item type
    Perpustakaan Alor Setar Pinjaman Kanak-kanak 09/04/2026   K 297.2112 NUR A01907390 09/04/2026 Book
    Perpustakaan Awam Sungai Petani Pinjaman Kanak-kanak 09/04/2026   K 297.2112 NUR A01907391 09/04/2026 Book
    Perpustakaan Baling Pinjaman Kanak-kanak 09/04/2026   K 297.2112 NUR A01907395 09/04/2026 Book
    Perpustakaan Bandar Baharu Pinjaman Kanak-kanak 09/04/2026   K 297.2112 NUR A01907396 09/04/2026 Book
    Perpustakaan Jitra Pinjaman Kanak-kanak 09/04/2026   K 297.2112 NUR A01907392 09/04/2026 Book
    Perpustakaan Kuala Nerang Pinjaman Kanak-kanak 09/04/2026   K 297.2112 NUR A01907400 09/04/2026 Book
    Perpustakaan Kulim Pinjaman Kanak-kanak 09/04/2026   K 297.2112 NUR A01907394 09/04/2026 Book
    Perpustakaan Langkawi Pinjaman Kanak-kanak 09/04/2026   K 297.2112 NUR A01907393 09/04/2026 Book
    Perpustakaan Merbok Pinjaman Kanak-kanak 09/04/2026   K 297.2112 NUR A01907397 09/04/2026 Book
    Perpustakaan Pendang Pinjaman Kanak-kanak 09/04/2026   K 297.2112 NUR A01907401 09/04/2026 Book
    Perpustakaan Sik Pinjaman Kanak-kanak 09/04/2026   K 297.2112 NUR A01907399 09/04/2026 Book
    Perpustakaan Yan Pinjaman Kanak-kanak 09/04/2026   K 297.2112 NUR A01907398 09/04/2026 Book
    Bergerak 1, Alor Setar Pinjaman Kanak-kanak 09/04/2026   K 297.2112 NUR A01907402 09/04/2026 Book
    Bergerak 3, Baling Pinjaman Kanak-kanak 09/04/2026   K 297.2112 NUR A01907403 09/04/2026 Book
    Bergerak 4, Sungai Petani Pinjaman Kanak-kanak 09/04/2026   K 297.2112 NUR A01907404 09/04/2026 Book
    Bergerak 5, Kulim Pinjaman Kanak-kanak 09/04/2026   K 297.2112 NUR A01907405 09/04/2026 Book